000 00555nam a2200229Ia 4500
008 210210b2018 xxu||||| |||| 00| 0 eng d
020 _a9788184876215
041 _aeng
082 _a001.6442 PALD
100 _aPAL (Debdutta)
245 _aData structures and algorithms with C
260 _aNew Delhi
_bNarosa Publishing House
_c2018
300 _axvi,299
650 _awith
650 _astructures
650 _aData
650 _aC
650 _aalgorithms
690 _aData Structures
700 _aHALDER (Suman)
906 _a073025
999 _c122817
_d122817